La Tierra urbana y la sobrevivencia de los pobres en la ciudad
Guardado en:
| Hovedforfatter: | |
|---|---|
| Format: | Texto |
| Udgivet: |
Guatemala:
CEUR
|
| Tags: |
Tilføj Tag
Ingen Tags, Vær først til at tagge denne postø!
|
MARC
| LEADER | 00000 a a2200000 04500 | ||
|---|---|---|---|
| 001 | 21807 | ||
| 003 | |||
| 040 | |||
| 090 | |a 097800 | ||
| 100 | |a Alvarado, Luis | ||
| 245 | |a La Tierra urbana y la sobrevivencia de los pobres en la ciudad | ||
| 260 | |a Guatemala: |b CEUR | ||
| 300 | |a 19 p | ||
| 999 | |c 2306 |d 2306 | ||
